Générique Kirby - Paroles - Statistiques

Statistiques générales
  • Ce quiz a été pris 35 fois
  • Le résultat moyen est 24 sur 29
Statistiques - réponses
Paroles % Correct
Kirby ! Kirby ! {Kirby} !
100%
C'est notre super {héros}
96%
C'est une petite boule {rose}
96%
Kirby ! Kirby ! {Kirby} !
96%
Kirby ! Kirby ! {Kirby} !
96%
Kirby ! Kirby ! {Kirby} !
93%
Kirby ! Kirby ! {Kirby} !
93%
Kirby ! Kirby ! {Kirby} !
93%
Mais il bats les {méchants}
93%
On l'{adore} !
93%
C'est un guerrier de l'{espace}
89%
- Il me faut un monstre pour anéantir ce {Kirby}
89%
Kirby ! Kirby ! {Kirby} !
89%
Kirby ! Kirby ! {Kirby} !
89%
Oui, c'est lui qu'il nous {faut}
89%
Il est p'tet pas très {grand}
86%
On l'{adore} !
86%
Attention, rien n'lui {résiste} !
82%
Attention, rien n'lui {résiste} !
82%
Moi, je vous le {dis}
82%
- Vous avez intérêt ! Ca c'est moi qui vous le {dis} !
82%
- Comment puis-je vous être utile, votre {Majesté} ?
79%
Méfiez-vous, rien ne lui {résiste}
75%
Qui éloigne la {menace}
75%
Rien n'lui {résiste} !
75%
C'est bien lui notre {roi}
68%
Qui est vraiment {grandiose}
64%
Les coups il les {renvoie}
54%
- Je vous promets de vous trouvez ce que vous {désirez}
50%
Aucun quiz correspondant
Distribution des résultats
% des personnes avec chaque résultat
Percentile par nombre de réponses
Votre historique - résultats
Vous n’avez pas pris ce quiz